000 00359nam a22001457a 4500
008 250424b |||||||| |||| 00| 0 eng d
020 _a007238121
050 _aPE 1148
_b.L36
100 _aLangan John
245 _aCollege Writing Skills With Reading
250 _a5th
260 _aU.S.A
_bMC Graw-Hill Companies Inc
_c2001
300 _a748p.
942 _cBK
999 _c3153
_d3153